000 00644nam a2200217 a 4500
999 _c4408
_d4408
001 4408
003 BD-JhCC
005 20171127101308.0
008 171127s1968 bg |||| ||a| 000 0 ben d
035 _a(BD-JhCC)4408
040 _aBD-JhCC
_dBD-JhCC
041 _aben
082 _a891.4415
_bKAM 1968
100 _aকামাল, সুফিয়া
245 _aপ্রসস্তি ও প্রার্থনা /
_cসুফিয়া কামাল,
260 _aঢাকা :
_bশাহাদত হোসেন,
_c1968
300 _a82 p. :
_c22 cm.
650 _aBengali Poem
942 _2ddc
_cBK